000 00697nam a2200205Ia 4500
001 15235
003 GE_BSU
008 181216s||||||||xx |||||||||||||| ||und||
040 _cGE_BSU
080 _a821.353.1-11
100 _aჩარკვიანი,ჯანსუღ
245 _aლირიკული პოემები
245 _cრედ.მ.წიკლაური. მხატვ.ი.უთურაშვილი
260 _aთბილისი
260 _bსაბჭოთა საქართველო
260 _c1973
300 _a221გვ.1ფ.პორტრ.17სმ.
653 _aლირიკული პოემები
942 _cBK
999 _c48347
_d48347